| 000 | 00513 a2200133 4500 | ||
|---|---|---|---|
| 001 | ART_8042 | ||
| 005 | 20260410161831.0 | ||
| 008 | 260409a | ||
| 245 | 1 | 0 | _aEl papel de la cultura informacional en la introducción de nuevos sistemas de información en la empresa |
| 100 | 1 | _aClaver Cortés, Enrique | |
| 700 | 1 | _aLlopis Taberner, Juan | |
| 700 | 1 | _aReyes González Ramirez, M. | |
| 773 | 0 |
_tBoletín de estudios económicos _gEstrategia y empresa - Vol. 55, Nº 169 (abr. 2000) _wREV5142 |
|
| 999 |
_c23242 _d23242 |
||